Представление документа в формате RUSMARC

ПолеНазваниеЗначение
  Тип записи a
  Библиографический уровень a
001 Контрольный номер af0abdc21fb041c9b0b1830b2f593fd3
005 Дата корректировки 20260602101338.2
100 Данные общей обработки __
a Данные общей обработки 20260602 ||| 0rusy0189 ca
101 Язык документа 0_
a Язык текста rus
102 Страна публикации __
a Страна публикации RU
200 Заглавие и сведения об ответственности 1_
a Заглавие Музей Тунгусского метеорита
e Сведения, относящиеся к заглавию [история музея, его экспонаты]
f Первые сведения об ответственности М. Чудской
330 Аннотация __
a Аннотация в 1990 году в посёлке Ванавара Эвенкийского района Красноярского края Виталий Иннокентьевич Воронов открыл частный музей, посвящённый Тунгусскому метеориту
461 Уровень набора _0
1 2000
a Живописная Россия
463 Уровень физической единицы _0
1 2000
a № 2 (158)
v С. 6-9 : фот.
1 2101
d 2026
1 001663d655959914d10a1a2902f81dc9bb7
600 Персоналии _1
a Персоналии (Фамилия) Вернадский
g Полное имя Владимир Иванович
606 Тематические рубрики 0_
a Основная рубрика Малые тела Солнечной системы
y Географическая подрубрика Красноярский край
610 Ключевые слова 0_
a Ключевые слова необычные музеи, российские музеи, метеориты, Тунгусский метеорит, краеведческие музеи, музей Тунгусского метеорита
686 Индексы других классификаций __
a Классификационный индекс 22.655л6
700 Автор _1
a Фамилия Чудской
b Имя (инициалы) М.
g Полное личное имя Михаил
801 Источник записи _0
a Страна RU
b Организация УОБДЮ
c Дата составления 20260602
g Правила каталогизации RCR
801 Источник записи _1
a Страна RU
b Организация УОБДЮ
c Дата составления 20260602
g Правила каталогизации RCR
901 Тип документа __
t Тип документа b
w Контрольный № источника 663d655959914d10a1a2902f81dc9bb7
905 Данные по созданию БЗ __
b Логин пользователя, который создал БЗ ibo4
909 Создатель записи __
a Создатель записи Бобылёва И.В.
910 Корректоры записи __
a Корректор записи Бобылёва И.В.